00333 2200145 4500001002100000005001500021035002000036245003700056100001800093300001200111260003000123082000800153084001400161990001200175INLIS00000000000193720250522083322 a0010-05250002291 aMaryamah Karpov /cAndrea Hirata0 aAndrea Hirata a562 hlm aJakarta :bBintang,c2008 a813 a813 AND m a0713457